000 00583nam a2200229Ia 4500
003 OSt
005 20221005123011.0
006 a|||||r|||| 00| 0
007 ta
008 221004b |||||||| |||| 00| 0 mal d
024 _a62178
037 _cTextual
040 _aCRL
_cCRL
_bmal
041 _2mal
_amal
082 _aV212.C, 32H4.1-.2
100 _aPillai K.N. Gopala
_9632959
245 0 _aKerala mana chari thram
260 _c1944
650 _aHISTORY
942 _hV212.C, 32H4.1-.2
_cTEXL
_2cc
999 _c1046073
_d1046073